| 000 | 00674nam a2200229 a 4500 | ||
|---|---|---|---|
| 001 | BRCA_5830 | ||
| 005 | 20190320205230.0 | ||
| 008 | 110311s1944----nyua######---#000-0#eng-# | ||
| 041 | _aeng | ||
| 044 | _anyu | ||
| 050 | 4 |
_aN50 _b.M37 1 1944 |
|
| 245 | 1 | 0 |
_aMastai’s national classified directory of American art & antique dealers, 1944-45 _bincluding Canada, México and South America. |
| 250 | _a2 | ||
| 260 |
_aNueva York _bBoleslaw Mastai _cc1944 |
||
| 300 |
_axi, 358 p. _bil. _c24 cm. |
||
| 500 | _aVer también G61 (5a ed. 1953) | ||
| 500 | _aG40 | ||
| 650 | 1 | 4 |
_aArte _zAmérica _914766 |
| 650 | 1 | 4 |
_aArte _vDirectorios _914767 |
| 902 | _aGFM | ||
| 942 |
_2lcc _cB |
||
| 999 |
_c5519 _d5519 |
||